| 000 | 00344nam a22001217a 4500 | ||
|---|---|---|---|
| 008 | 230626b xxu||||| |||| 00| 0 eng d | ||
| 020 | _a9028600191 | ||
| 082 |
_a328.34 _bCAS 1980 |
||
| 245 | _aParliamentary Control Over Foreign Policy | ||
| 260 |
_aUSA _bSijthoff & Noordhoff International Publishers _c1980 |
||
| 300 | _aX,206p | ||
| 942 |
_2ddc _cBK |
||
| 999 |
_c2612 _d2612 |
||